TV Shows by Synonym - Statistics

General Stats
  • This quiz has been taken 51 times
  • The average score is 11 of 24
Answer Stats
Hint Answer % Correct
Amigos Friends
96%
The Tiara The Crown
89%
The Rambling Deceased The Walking Dead
83%
Plazas and Amusement Parks and Recreation
61%
Limit Your Eagerness Curb Your Enthusiasm
57%
The Cable The Wire
57%
Gemini Summits Twin Peaks
54%
Señor Android Mr Robot
52%
Obsidian Reflector Black Mirror
50%
Amusement of Chairs Game of Thrones
46%
Insane Blokes Mad Men
43%
The Dusk Area The Twilight Zone
41%
Genuine Sleuth True Detective
41%
Supernova Journey Star Trek
39%
Infant Caribou Baby Reindeer
37%
Uppermost Cog Top Gear
35%
Offspring of Lawlessness Sons of Anarchy
33%
Prost Cheers
30%
Solely Idiots and Equines Only Fools and Horses
28%
Daddy Edward Father Ted
26%
Aquamarine World Blue Planet
22%
Clan Bloke Family Guy
22%
Coin Awful Penny Dreadful
22%
Strip of Obligation Line of Duty
13%
No matching quizzes found
Score Distribution
Percent of People with Each Score
Percentile by Number Answered
Your Score History
You have not taken this quiz